Religion and politics in the United States (Record no. 493217)

000 -LEADER
fixed length control field 00401cam a22001457a 4500
008 - FIXED-LENGTH DATA ELEMENTS--GENERAL INFORMATION
fixed length control field 180718b1992 xxu||||| |||| 00| 0 eng d
020 ## - INTERNATIONAL STANDARD BOOK NUMBER
International Standard Book Number 8171547540
082 ## - DEWEY DECIMAL CLASSIFICATION NUMBER
Classification number B1243x73 Wa120
100 ## - MAIN ENTRY--PERSONAL NAME
Personal name Wald, Kenneth D.
245 ## - TITLE STATEMENT
Title Religion and politics in the United States
Statement of responsibility, etc. by Kenneth D. Wald
250 ## - EDITION STATEMENT
Edition statement 2nd ed.
260 ## - PUBLICATION, DISTRIBUTION, ETC.
Place of publication, distribution, etc. Bombay
Name of publisher, distributor, etc. Popular
Date of publication, distribution, etc. 1992
300 ## - PHYSICAL DESCRIPTION
Extent 380p.
650 ## - SUBJECT ADDED ENTRY--TOPICAL TERM
Topical term or geographic name entry element Religion and politics
Holdings
Withdrawn status Lost status Damaged status Not for loan Permanent Location Current Location Date acquired Full call number Barcode Date last seen Price effective from Koha item type
        Indian Institute of Public Administration Indian Institute of Public Administration 2018-08-04 B1243x73 Wa120 GR17389 2018-08-04 2018-08-04 GR

Powered by Koha